| 000 | 00000nam##2200000za#4500 |
| 001 | 9.572310 |
| 003 | CaOODSP |
| 005 | 20210624183145 |
| 007 | cr ||||||||||| |
| 008 | 150406|1998||||xxc|||||o f|0| 0 eng|d |
| 040 | |aCaOODSP|beng |
| 043 | |an-cn--- |
| 086 | 1 |aF21-6/1998-15E-PDF |
| 110 | 1 |aCanada.|bDepartment of Finance.|bTask Force on the Future of the Canadian Financial Services Sector. |
| 245 | 14|aThe property/casualty insurance industry / |h[electronic resource]|cby Coopers and Lybrand. |
| 260 | |aOttawa - Ontario : |bFinance Canada. |cSeptember 1998. |
| 300 | |a47p.|bfigs., graphs, tables |
| 490 | 1 |aResearch paper prepared for the Task Force on the Future of the Canadian Financial Services Sector |
| 500 | |aIncorrect catalogue number (BT22-61/3-1998E-15) copied in this PDF edition. The ISBN (0-662-27154-8) for the print edition has been incorrectly copied in this electronic publication. |
| 590 | |a11-29-Supp|b2011-11-25 |
| 690 | 07|aInsurance|2gcpds |
| 690 | 07|aProperty|2gcpds |
| 710 | 2 |aCoopers & Lybrand. |
| 775 | 08|tL'industrie de l'assurance générale / |w(CaOODSP)9.602687 |
| 776 | 0#|tThe property/casualty insurance industry / |w(CaOODSP)9.614544 |
| 830 | #0|aResearch paper prepared for the Task Force on the Future of the Canadian Financial Services Sector.|w(CaOODSP)9.506754 |
| 856 | 40|ahttp://publications.gc.ca|qPDF|s215 KB|uhttps://publications.gc.ca/collections/Collection/F21-6-1998-15E.pdf |